Harry Potter- Hogwarts Teachers Quiz Stats

 Plays Quiz not verified by Sporcle

Support Sporcle.
Go Orange.
Score 0/29 Timer 04:00
0 Plays Today
Hint Teacher/Staff % Correct
Defense Against the Dark Arts-(3rd book)Remus Lupin
87.4%
Headmaster of HogwartsAlbus Percival Wulfric Brian Dumbledore
85.7%
Care of Magical Creatures- (3rd book)Rubeus Hagrid
85.7%
Defense Against the Dark Arts-(2nd book)Gilderoy Lockhart
84.6%
HerbologyPomona Sprout
84.6%
Caretaker of HogwartsArgus Filch
84.2%
Flying InstructorRolanda Hooch
84%
CharmsFilius Flitwick
83.4%
TransfigurationMinerva McGonagall
83.2%
Defense Against the Dark Arts-(6th book)Severus Snape
82.7%
Defense Against the Dark Arts-(5th book)Dolores Umbridge
81.7%
NursePoppy Pomfrey
81.7%
Defense Against the Dark Arts-(1st book)Quirinus Quirrell
81.5%
DivinationSybill Trelawney
80.8%
History of MagicCuthbert Binns
80%
Hint Teacher/Staff % Correct
Potions (6th book)Horace Slughorn
78.3%
Dark Arts- (7th book)Amycus Carrow
76.2%
Headmaster of Hogwarts (7th book)Severus Snape
76%
Defense Against the Dark Arts-(4th book) Barty Crouch Jr.
75.4%
Divination (6th book)Firenze
72.4%
Subsitute Care of Magical Creatures Wilhelmina Grubbly-Plank
70.9%
Muggle Studies-(7th book)Alecto Carrow
70.5%
LibrarianIrma Pince
70.5%
ArithmancySeptima Vector
65.3%
Muggle Studies-(1-6 books)Charity Burbage
64.2%
AstronomyAurora Sinistra
60.6%
Ancient RunesBathsheda Babbling
48.2%
Care of Magical Creatures- (before Hagrid)Silvanus Kettleburn
45.3%
Apparition InstructorWilkie Twycross
41.3%

You're not logged in!

Compare scores with friends on all Sporcle quizzes.
OR
Log In

From the Vault

Sunday Crossword: Yes It Goes On and On My Friends

by AuroraIllumina

Having it go on and on may end up leaving you a little cross.
Remove Ads.
Support Sporcle.
Get the best of Sporcle when you Go Orange. This ad-free experience offers more features, more stats, and more fun while also helping to support Sporcle. Thank you for becoming a member.

Show Comments

Extras

Created Mar 6, 2011ReportNominate
Tags:Harry Potter Quiz, Hogwarts

Top Quizzes Today


Score Distribution

Your Account Isn't Verified!

In order to create a playlist on Sporcle, you need to verify the email address you used during registration. Go to your Sporcle Settings to finish the process.

Report this User

Report this user for behavior that violates our Community Guidelines.

Details: